| 000 | 00960cam a2200229 4500 | ||
|---|---|---|---|
| 005 | 20230926082640.0 | ||
| 008 | | mx || 000 0 spa|d | ||
| 020 | _a9684960867 | ||
| 050 | 0 | 4 |
_aF1221.T56 _bP33 1987 |
| 245 | 0 | 0 |
_aPadrones de Tlaxcala del siglo XVI y padrón de nobles de Ocotelolco _c / edición coordinada por Teresa Rojas Rabiela ; Paleografía, estudios introductorios, notas, cuadros, índices y glosario de Marina Anguiano, Matilde Chapa y Amelia Camacho. |
| 250 | _a1a ed. | ||
| 260 |
_aMéxico : _bCentro de Investigaciones y Estudios Superiores en Antropología Social, _c1987 |
||
| 300 |
_a383 p. : _bil. ; _c27 cm. |
||
| 490 | 0 |
_aDocumentos ; _vno. 1 |
|
| 504 | _aIncluye bibliografías y glosarios | ||
| 650 | 7 |
_2lemb _aIndios tlaxcaltecas _xManuscritos |
|
| 700 | 1 |
_aRojas Rabiela, Teresa, _ecoordinador. |
|
| 700 | 1 |
_aAnguiano, Marina _e |
|
| 700 | 1 |
_aChapa, Matilde _e |
|
| 700 | 1 | _aCamacho, Amelia | |
| 942 |
_2lcc _cLIB |
||
| 999 |
_c64732 _d64732 |
||